| 000 -LEADER |
| fixed length control field |
01076nam a22002417a 4500 |
| 008 - FIXED-LENGTH DATA ELEMENTS--GENERAL INFORMATION |
| fixed length control field |
131125b xxu||||| |||| 00| 0 alb d |
| 020 ## - INTERNATIONAL STANDARD BOOK NUMBER |
| International Standard Book Number |
9211541247 |
| 020 ## - INTERNATIONAL STANDARD BOOK NUMBER |
| International Standard Book Number |
9211540992 |
| 041 0# - LANGUAGE CODE |
| Language code of text/sound track or separate title |
alb |
| 080 ## - UNIVERSAL DECIMAL CLASSIFICATION NUMBER |
| Universal Decimal Classification number |
341 |
| 245 00 - TITLE STATEMENT |
| Title |
Të drejtat e njeriut : |
| 260 ## - |
| -- |
Prishtinë : |
| -- |
Finnish - OHCHR Human Right Support Programme - Kosovo ; |
| -- |
2004-2005. |
| 300 ## - |
| -- |
506 f. : |
| -- |
21 cm. |
| 490 ## - |
| -- |
Publikim i kombeve të bashkuara |
| -- |
II |
| 500 ## - |
| -- |
Në faqën e titullit : Përkthim Jozyrtar i Publikimit të Kombeve të Bashkuara ST/HR/1/Rev.5 (Vol. II) |
| 500 ## - |
| -- |
Parathënie : f. [1-2] (Vëll. II) |
| 505 ## - |
| -- |
Vëllimi I (Pjesa e parë). |t Instrumentet e përgjithshme / |r [përkthyes Ilir Dugolli]-- |g Vëllimi I (Pjesa e dytë). |t Instrumentet universale / |r [përkthyes Naim Osmani]-- |g Vëllimi II. |t Instrumente rajonale / |r [përkthyes Xhemajl H. Ahmeti] |
| 650 #0 - |
| -- |
Të drejtat e njeriut |
| 700 1# - |
| -- |
Dugolli, Ilir, |
| 700 1# - |
| -- |
Osmani, Naim, |
| 700 1# - |
| -- |
Ahmeti, Xhemajl H. |
| 942 ## - ADDED ENTRY ELEMENTS (KOHA) |
| Source of classification or shelving scheme |
|
| Item type |
Books |